LIBRARY & INFORMATION CENTRE, KCAET, TAVANUR

ONLINE PUBLIC ACCESS CATALOGUE (OPAC)

History of Europe / (Record no. 6220)

MARC details
000 -LEADER
fixed length control field 00373cam a2200145ua 4500
041 ## - LANGUAGE CODE
Language code of text/sound track or separate title eng
082 ## - DEWEY DECIMAL CLASSIFICATION NUMBER
Classification number 940
Item number SCH/HI
100 ## - MAIN ENTRY--AUTHOR NAME
Personal name Schevill, Ferdinand .
245 ## - TITLE STATEMENT
Title History of Europe /
260 ## - PUBLICATION, DISTRIBUTION, ETC. (IMPRINT)
Place of publication New York :
Name of publisher Harcourt, Brace and Company ,
Year of publication 1951.
300 ## - PHYSICAL DESCRIPTION
Number of Pages 963 ; .
942 ## - ADDED ENTRY ELEMENTS (KOHA)
Koha item type Books
Holdings
Withdrawn status Lost status Damaged status Home library Current library Date acquired Full call number Accession Number Koha item type
Withdrawn     KAUAET Sanskrit University 07/04/2012 940 3962 Books
free website counter